Handbook of electronic test procedures /

Bibliographic Details
Main Author: Lenk, John D.
Format: Book
Language:English
Published: Englewood Cliffs, N.J. : Prentice-Hall, [1982]
Subjects:

MARC

Tag First Indicator Second Indicator Subfields
LEADER 00000pam a2200000 a 4500
001 in00000084911
005 20151008054421.0
008 810410s1982 njua 00110 eng
010 |a  81005218  
020 |a 0133774570 
035 |a (OCoLC)07461850 
035 |9 AAJ0595AM 
039 0 |a 2  |b 3  |c 3  |d 3  |e 3 
040 |a DLC  |c DLC  |d TXA  |d UtOrBLW 
049 |a TXAM  |c [1361365] 
050 0 0 |a TK7870  |b .L4573 
082 0 |a 621.381/043  |2 19 
100 1 |a Lenk, John D. 
245 1 0 |a Handbook of electronic test procedures /  |c John D. Lenk. 
264 1 |a Englewood Cliffs, N.J. :  |b Prentice-Hall,  |c [1982] 
264 4 |c ©1982 
300 |a xiv, 300 pages :  |b illustrations ;  |c 24 cm. 
336 |a text  |b txt  |2 rdacontent 
337 |a unmediated  |b n  |2 rdamedia 
338 |a volume  |b nc  |2 rdacarrier 
500 |a Includes index. 
650 0 |a Electronic apparatus and appliances  |x Testing  |x Handbooks, manuals, etc. 
999 |a MARS 
999 f f |s 7f882dfe-a4e8-3a9c-bdf5-594d389fac95  |i 0814956c-efd6-335e-9d24-43b174c7ee81  |t 0 
952 f f |p ric  |a Texas A&M University  |b Rellis Campus  |c Joint Library Facility  |d Remote Storage  |t 0  |e TK7870 .L4573  |h Library of Congress classification  |i unmediated -- volume  |m A14806251884 
998 f f |a TK7870 .L4573  |t 0  |l Remote Storage